Central Library and Information Centre
Sibsagar Girls' College, Sivasagar : Assam

ASOMOR SANSKRITI (Record no. 3165)

MARC details
000 -LEADER
fixed length control field 00403cam a2200181ua 4500
008 - FIXED-LENGTH DATA ELEMENTS--GENERAL INFORMATION
fixed length control field 131130n1986 II |||gr||||Z||||||asm
040 ## - CATALOGING SOURCE
Original cataloging agency MAIN
041 ## - LANGUAGE CODE
-- English
082 ## - DEWEY DECIMAL CLASSIFICATION NUMBER
Classification number 491.4509 GOG
100 ## - MAIN ENTRY--PERSONAL NAME
Personal name GOGOI, LILA.
245 ## - TITLE STATEMENT
Title ASOMOR SANSKRITI
250 ## - EDITION STATEMENT
Edition statement 2ND.
260 ## - PUBLICATION, DISTRIBUTION, ETC.
Place of publication, distribution, etc. GUWAHATI
Name of publisher, distributor, etc. BINA LIBRARY
Date of publication, distribution, etc. 1986
300 ## - PHYSICAL DESCRIPTION
Extent 300:
Dimensions 20CM.
942 ## - ADDED ENTRY ELEMENTS (KOHA)
Koha item type Books
653 ## - INDEX TERM--UNCONTROLLED
Uncontrolled term Asamar Sanskriti
Holdings
Withdrawn status Lost status Damaged status Not for loan Collection code Home library Current library Shelving location Date acquired Full call number Barcode Date last seen Copy number Price effective from Koha item type Public note
        TBASM Central Library and Information Centre Sibsagar Girls College Central Library and Information Centre Sibsagar Girls College ASSAMESE REFERENCE RACK 07.03.1985 491.4509 GOG 11409 27.02.2020 1 27.02.2020 Books V
Withdrawn       TBASM Central Library and Information Centre Sibsagar Girls College Central Library and Information Centre Sibsagar Girls College Staff Office 07.03.1985 491.4509 GOG 11410 27.02.2020 2 27.02.2020 Books  
        TBASM Central Library and Information Centre Sibsagar Girls College Central Library and Information Centre Sibsagar Girls College Assamese Culture 07.03.1985 491.4509 GOG 11411 27.02.2020 3 27.02.2020 Books  
        TBASM Central Library and Information Centre Sibsagar Girls College Central Library and Information Centre Sibsagar Girls College ASSAMESE BOOK RACK 07.03.1985 491.4509 GOG 11412 27.02.2020 4 27.02.2020 Books V
        TBASM Central Library and Information Centre Sibsagar Girls College Central Library and Information Centre Sibsagar Girls College ASSAMESE OLD REFERENCE 07.03.1985 491.4509 GOG 11413 27.02.2020 5 27.02.2020 Books V


Sibsagar Girl's College © 2020. All rights reserved.
Powered by Koha.
Maintained by Abhijit Borpuzari.